| 000 | 01191 a2200193 4500 | ||
|---|---|---|---|
| 003 | Nust | ||
| 005 | 20221130102712.0 | ||
| 010 | _a 90034236 | ||
| 020 | _a0023371307 | ||
| 040 | _cNust | ||
| 082 | 0 | 0 | _a621.38152,FER |
| 100 | 1 |
_aFerry, David K. _963057 |
|
| 245 | 1 | 0 |
_aSemiconductors / _cDavid K. Ferry. |
| 260 |
_aNew York : _bMacmillan ; _aToronto : _bCollier Macmillan Canada ; _aNew York : _bMaxwell Macmillan International, _cc1991. |
||
| 300 |
_axv, 608 p. : _bill. ; _c25 cm. |
||
| 505 | _aIntroduction (Page-1), Crystal Structure and Bonding (Page-12), Nearly Free Electron Dynamics (Page-40), Lattice Dynamics (Page-68), Electron Structure (Page-112), Semiconductor Statistics (Page-189), Electron Phonon Interaction (Page-209), The Boltzmann Equation (Page-241), Diffusion and Optical Properties (Page-280), High Field Transport (Page-318), Further Applications of High Field Transport (Page-372), Electron- Electron Interaction (Page-422), Nonparabolicity and its Effects (Page-450), Disordered Semiconductors (Page-465), Quantum Transport in Semiconductors (Page-502), Nonequilibrium Quantum Transport (Page-557). | ||
| 650 | 0 | _aTelecommunication Engineering | |
| 942 |
_2ddc _cBK |
||
| 999 |
_c182209 _d182209 |
||